Entrepreneurship: An Introduction (Record no. 2875)
[ view plain ]
| 005 - DATE AND TIME OF LATEST TRANSACTION | |
|---|---|
| control field | 20250530093655.0 |
| 020 ## - INTERNATIONAL STANDARD BOOK NUMBER | |
| International Standard Book Number | 978-81-315-1614-0 |
| 082 ## - DEWEY DECIMAL CLASSIFICATION NUMBER | |
| Classification number | 658.041 KUR |
| 100 ## - MAIN ENTRY--PERSONAL NAME | |
| Author name | KURATCO, D. F. |
| 245 ## - TITLE STATEMENT | |
| Title | Entrepreneurship: An Introduction |
| 250 ## - EDITION STATEMENT | |
| Edition statement | 8th Ed. |
| 260 ## - PUBLICATION, DISTRIBUTION, ETC. | |
| Place of publication, distribution, etc. | New Delhi, |
| Name of publisher, distributor, etc. | Cengage Learning, |
| Date of publication, distribution, etc. | 2011. |
| 300 ## - PHYSICAL DESCRIPTION | |
| Extent | 556p.: ill.; figure, picture, table. |
| Other physical details | Glossary, index. |
| Dimensions | 27cm. |
| 856 ## - ELECTRONIC LOCATION AND ACCESS | |
| Link text | Access online book |
| Electronic name | Entrepreneurship |
| Path | www.cengage.com/global |
| 942 ## - ADDED ENTRY ELEMENTS (KOHA) | |
| Source of classification or shelving scheme | Dewey Decimal Classification |
| Koha item type | Books |
| Date last seen | Total checkouts | Full call number | Barcode | Cost, replacement price | Price effective from | Koha item type | Lost status | Source of classification or shelving scheme | Damaged status | Not for loan | Withdrawn status | Home library | Current library | Shelving location | Date acquired | Cost, normal purchase price |
|---|---|---|---|---|---|---|---|---|---|---|---|---|---|---|---|---|
| 05/30/2025 | 658.041 KUR | 0000008804 | 270000.00 | 05/30/2025 | Books | Dewey Decimal Classification | College of Business Education Main Library | College of Business Education Main Library | Special Reserve Collection | 06/17/2014 | 90000.00 | |||||
| 05/30/2025 | 658.041 KUR | 0000008805 | 270000.00 | 05/30/2025 | Books | Dewey Decimal Classification | College of Business Education Main Library | College of Business Education Main Library | Special Reserve Collection | 06/17/2014 | 90000.00 | |||||
| 05/30/2025 | 658.041 KUR | 0000008806 | 270000.00 | 05/30/2025 | Books | Dewey Decimal Classification | College of Business Education Main Library | College of Business Education Main Library | Special Reserve Collection | 06/17/2014 | 90000.00 | |||||
| 07/11/2025 | 658.041 KUR | 00000013669 | 270000.00 | 07/11/2025 | Books | Dewey Decimal Classification | College of Business Education Main Library | College of Business Education Main Library | General Collection | 06/26/2025 | 90000.00 | |||||
| 07/11/2025 | 658.041 KUR | 00000013670 | 270000.00 | 07/11/2025 | Books | Dewey Decimal Classification | College of Business Education Main Library | College of Business Education Main Library | General Collection | 06/26/2025 | 90000.00 |
